[Event "HUN-chT1 9596"]
[Site "HUN"]
[Date "1996.??.??"]
[Round "7"]
[White "Zemerov, Vladimir"]
[Black "Almasi, Zoltan"]
[Result "0-1"]
[WhiteElo "2430"]
[BlackElo "2590"]

1.Nf3 Nf6 2.g3 d5 3.Bg2 c6 4.O-O Bg4 5.c4 e6 6.d3 Nbd7 7.Nc3 Bxf3 8.exf3 Be7
9.f4 Nb6 10.b3 O-O 11.Bb2 a5 12.Qc2 Nc8 13.Rad1 Rb8 14.Ne2 Nd6 15.Bh3 Re8
16.a3 Nd7 17.c5 Nb5 18.b4 axb4 19.axb4 b6 20.d4 Bf6 21.Ra1 Qc7 22.Ra2 Ra8
23.Rfa1 Rxa2 24.Rxa2 Qb7 25.Bf1 Ra8 26.Qb3 Rxa2 27.Qxa2 bxc5 28.bxc5 g6 29.Qa1 Qa7
30.Qc1 Qa5 31.h4 Qb4 32.Qa1 Kg7 33.g4 Bxh4 34.Ng3 Bxg3 35.fxg3 Nf6 36.Bxb5 Qxb5
37.Bc3 Ne4 38.Be1 Qe2 39.g5 Qf3 40.Kh2 Qf1 41.Qa5 Qe2+  0-1

[Event "HUN-chT1 9596"]
[Site "HUN"]
[Date "1996.??.??"]
[Round "13"]
[White "Gyimesi, Zoltan"]
[Black "Almasi, Zoltan"]
[Result "1/2-1/2"]
[WhiteElo "2500"]
[BlackElo "2590"]

1.d4 Nf6 2.c4 e6 3.Nf3 b6 4.g3 Bb7 5.Bg2 Be7 6.Nc3 Ne4 7.Bd2 Bf6 8.Qc2 Nxd2
9.Qxd2 d6 10.O-O O-O 11.Rad1  1/2-1/2

[Event "Pamplona9697"]
[Site "Pamplona"]
[Date "1996.??.??"]
[Round "9"]
[White "Azmaiparashvili, Zurab"]
[Black "Almasi, Zoltan"]
[Result "1/2-1/2"]
[WhiteElo "2670"]
[BlackElo "2655"]

1.d4 Nf6 2.Nf3 e6 3.g3 b6 4.Bg2 Bb7 5.c4 Be7 6.O-O O-O 7.Nc3 Ne4 8.Qc2 Nxc3
9.Qxc3 c5 10.b3 Bf6 11.Bb2 cxd4 12.Nxd4 Bxg2 13.Kxg2 Nc6 14.Qe3 Qe7 15.Rad1 Rfd8
16.Rd2 Bxd4 17.Bxd4 d5  1/2-1/2

[Event "CRO-Cup"]
[Site "Pula"]
[Date "1996.??.??"]
[Round "?"]
[White "Dizdarevic, Emir"]
[Black "Almasi, Zoltan"]
[Result "1/2-1/2"]
[WhiteElo "2495"]
[BlackElo "2650"]

1.Nf3 Nf6 2.g3 d5 3.Bg2 c6 4.O-O Bg4 5.c4 e6 6.d3 Nbd7 7.cxd5 cxd5 8.Nc3 Be7
9.h3 Bh5 10.Bf4 O-O 11.Rc1 a6 12.Na4 Ne8 13.Ne5 Nxe5 14.Bxe5 Bf6 15.Bxf6 Qxf6
16.Qd2 Nd6 17.Rc2 Rac8 18.Rfc1 Rxc2 19.Rxc2 h6 20.Nb6 Rd8 21.a4 Bg6 22.Qc3 Qxc3
23.Rxc3 f6 24.Rc7 Be8 25.Rc5  1/2-1/2

[Event "CRO-chT"]
[Site "Tucepi"]
[Date "1996.??.??"]
[Round "?"]
[White "Leko, Peter"]
[Black "Almasi, Zoltan"]
[Result "1/2-1/2"]
[WhiteElo "2625"]
[BlackElo "2650"]

1.e4 e5 2.Nf3 Nc6 3.Bb5 a6 4.Ba4 Nf6 5.O-O Be7 6.Re1 b5 7.Bb3 d6 8.c3 O-O
9.h3 Bb7 10.d4 Re8 11.Nbd2 Bf8 12.d5 Nb8 13.Nf1 Nbd7 14.Ng3 Nc5 15.Bc2 c6  1/2-1/2

[Event "CRO-chT"]
[Site "Tucepi"]
[Date "1996.??.??"]
[Round "?"]
[White "Dizdarevic, Emir"]
[Black "Almasi, Zoltan"]
[Result "1/2-1/2"]
[WhiteElo "2495"]
[BlackElo "2650"]

1.Nf3 Nf6 2.c4 e6 3.g3 b6 4.Bg2 Bb7 5.O-O Be7 6.d4 O-O 7.Nc3 Ne4 8.Qc2 Nxc3
9.Qxc3 c5 10.b3 Bf6 11.Bb2  1/2-1/2

[Event "Vienna op"]
[Site "Vienna"]
[Date "1996.??.??"]
[Round "1"]
[White "Almasi, Zoltan"]
[Black "Galliamova, Alisa"]
[Result "1-0"]
[WhiteElo "2655"]
[BlackElo "2475"]

1.e4 c5 2.Nf3 Nc6 3.d4 cxd4 4.Nxd4 Nf6 5.Nc3 d6 6.Bg5 e6 7.Qd2 a6 8.O-O-O h6
9.Be3 Be7 10.f3 Nxd4 11.Bxd4 b5 12.Kb1 Rb8 13.Qf2 Qc7 14.h4 b4 15.Na4 e5
16.Ba7 Rb7 17.Be3 Qc6 18.Nb6 Be6 19.b3 O-O 20.Bc4 Rxb6 21.Bxb6 Bxc4 22.bxc4 Qxc4
23.g4 Nd7 24.Be3 Rc8 25.g5 h5 26.Rh2 Qc6 27.Qd2 g6 28.Qd5 Qc7 29.Rd3 Nf8
30.a3 a5 31.axb4 axb4 32.Rb3 Ne6 33.Rxb4 Qc3 34.Rb3 Qe1+ 35.Kb2 Nd4 36.Bxd4 exd4
37.f4 d3 38.Rxd3 Bf8 39.e5 Qb4+ 40.Rb3 Qxf4 41.Re2 dxe5 42.Qe4 Qf1 43.Qf3 Qd1
44.Rf2 Qd4+ 45.c3 Qd7 46.Rb7 Rc7 47.Rxc7 Qxc7 48.Re2 Qa5 49.Qe4 Qa3+ 50.Kc2 Qa2+
51.Kd3 Qb1+ 52.Kc4 Qa1 53.Re1 Qa6+ 54.Kb3 Qa3+ 55.Kc2 Qa2+ 56.Kd3 Bd6 57.Qc6 Bf8
58.Rf1 Qa7 59.Qc4 Bg7 60.Rb1 Qd7+ 61.Kc2 Qf5+ 62.Kc1 Bf8 63.Rb8 Kg7 64.Kb2 Qd7
65.Kc2 Qf5+ 66.Kb2 Qd7 67.Qe2 Bd6 68.Rb6 Bc7 69.Rb7 Qc6 70.Qb5 Qd6 71.Kc2 e4
72.Qc4 e3 73.Rxc7 Qd2+ 74.Kb3 Qd1+ 75.Kb4 Qb1+ 76.Kc5  1-0

[Event "Vienna op"]
[Site "Vienna"]
[Date "1996.??.??"]
[Round "3"]
[White "Almasi, Zoltan"]
[Black "Palac, Mladen"]
[Result "1-0"]
[WhiteElo "2655"]
[BlackElo "2540"]

1.e4 c6 2.d4 d5 3.Nc3 dxe4 4.Nxe4 Nd7 5.Ng5 Ngf6 6.Bd3 e6 7.N1f3 Bd6 8.Qe2 h6
9.Ne4 Nxe4 10.Qxe4 Qc7 11.Qg4 Kf8 12.O-O c5 13.c3 b6 14.Qh4 Bb7 15.Be4 Bxe4
16.Qxe4 Rd8 17.h3 Kg8 18.Rd1 Nf6 19.Qc2 c4 20.b3 Nd5 21.Bb2 b5 22.Nd2 Rb8
23.Rab1 g6 24.Ba1 Kh7 25.a4 cxb3 26.Rxb3 a6 27.axb5 axb5 28.Qd3 Qc6 29.Rdb1 Rhc8
30.Ne4 Be7 31.g3 b4 32.Nc5 Bxc5 33.dxc5 Qxc5 34.cxb4 Qc4 35.Qf3 Kg8 36.b5 Rb6
37.Kh2 Rc5 38.Ra3 Rc8 39.Ra7 Rc7 40.Ra8+ Rc8 41.Qe4 Qc7 42.Qe5  1-0

[Event "Vienna op"]
[Site "Vienna"]
[Date "1996.??.??"]
[Round "4"]
[White "Psakhis, Lev"]
[Black "Almasi, Zoltan"]
[Result "1/2-1/2"]
[WhiteElo "2590"]
[BlackElo "2655"]

1.d4 Nf6 2.c4 e6 3.Nc3 Bb4 4.e3 O-O 5.Bd3 d5 6.Nf3 c5 7.O-O Nc6 8.a3 Bxc3
9.bxc3 Qc7 10.cxd5 exd5 11.a4 Re8 12.Ba3 c4 13.Bc2 Ne4 14.Bxe4 Rxe4 15.Nd2 Re8
16.e4 Be6 17.e5 Bf5 18.Bd6  1/2-1/2

[Event "Vienna op"]
[Site "Vienna"]
[Date "1996.??.??"]
[Round "5"]
[White "Almasi, Zoltan"]
[Black "Lutz, Christopher"]
[Result "1-0"]
[WhiteElo "2655"]
[BlackElo "2565"]

1.e4 c5 2.Nf3 d6 3.d4 cxd4 4.Nxd4 Nf6 5.Nc3 a6 6.Be3 e5 7.Nb3 Be6 8.Qd2 Nbd7
9.f3 Be7 10.g4 h6 11.O-O-O b5 12.h4 Nb6 13.Qf2 Rb8 14.Kb1 Nc4 15.Ba7 Ra8
16.Bxc4 bxc4 17.Nc1 Qc7 18.Be3 Rb8 19.N1e2 Qb7 20.Bc1 Nd7 21.Qg2 Nc5 22.g5 h5
23.Rhg1 g6 24.f4 Bg4 25.Rd5 O-O 26.Rf1 Rfc8 27.f5 Rc6 28.Rxc5 Rxc5 29.Ng3 Bd8
30.fxg6 fxg6 31.Rf2 Ba5 32.Nd5 Rb5 33.c3 Rxd5 34.exd5 Bxc3 35.Qe4 Qg7 36.Rf6 Kh7
37.Qxc4 Bd4 38.Rxd6 Rc8 39.Rc6 Rxc6 40.dxc6 e4 41.c7 Bc8 42.Nxe4 Be5 43.a3 Kh8
44.Qc6 Qd7 45.Qxd7 Bxd7 46.b4 Bf5 47.Bb2 Bxe4+ 48.Kc1 Bf5 49.Bxe5+ Kg8 50.Kb2 Kf7
51.Kb3 Bd7 52.Kc4 Ke6 53.Bg3 Bb5+ 54.Kc5 Kd7 55.Kb6 Kc8 56.Bd6 Bd3 57.a4 Be2
58.b5 axb5 59.a5 Bd3 60.a6 Be2 61.a7  1-0

[Event "Vienna op"]
[Site "Vienna"]
[Date "1996.??.??"]
[Round "6"]
[White "Lerner, Konstantin Z"]
[Black "Almasi, Zoltan"]
[Result "1/2-1/2"]
[WhiteElo "2580"]
[BlackElo "2655"]

1.Nf3 Nf6 2.c4 e6 3.Nc3 Bb4 4.Qc2 O-O 5.a3 Bxc3 6.Qxc3 d6 7.d4 b6 8.Bg5 Bb7
9.Nd2 h6 10.Bh4 Nbd7 11.f3 d5 12.cxd5 exd5 13.e3 Re8 14.Bf2 c5 15.Bb5 a6
16.Bd3 cxd4 17.Qxd4 Nc5 18.O-O Nxd3 19.Qxd3 Nd7 20.Qd4 Qe7 21.Rac1 Rac8 22.Rfd1 Qe6
23.Nf1 Qe5 24.Qxe5 Nxe5 25.b3 Rxc1 26.Rxc1 Rc8 27.Rxc8+ Bxc8 28.Ng3 Be6 29.Ne2 Nc6
30.Nd4  1/2-1/2

[Event "Vienna op"]
[Site "Vienna"]
[Date "1996.??.??"]
[Round "8"]
[White "Cvitan, Ognjen"]
[Black "Almasi, Zoltan"]
[Result "1-0"]
[WhiteElo "2535"]
[BlackElo "2655"]

1.d4 Nf6 2.Nf3 e6 3.g3 b6 4.Bg2 Bb7 5.c4 Be7 6.Nc3 Ne4 7.Bd2 Bf6 8.Qc2 Nxd2
9.Qxd2 d6 10.Rd1 Nd7 11.O-O O-O 12.Ne1 Bxg2 13.Kxg2 Re8 14.Nf3 a6 15.Qc2 c6
16.h4 Qc7 17.Rfe1 Rac8 18.a4 d5 19.Qd3 dxc4 20.Qxc4 Qb7 21.e4 b5 22.Qd3 b4
23.e5 bxc3 24.exf6 Nxf6 25.Qxc3 c5 26.dxc5 Ne4 27.Qd4 Nxc5 28.Re5 Nb3 29.Qe4 Qxe4
30.Rxe4 a5 31.Rd6 Red8 32.Rc4 h6 33.Ne5 Rb8 34.Rxd8+ Rxd8 35.Rc7 Rf8 36.Ra7 h5
37.Nc6 f6 38.Nxa5 Nd4 39.b4 Rc8 40.b5 Rc5 41.Rd7 e5 42.Nc6  1-0

[Event "Yerevan ol (Men)"]
[Site "Yerevan"]
[Date "1996.??.??"]
[Round "2"]
[White "Almasi, Zoltan"]
[Black "Rogozenko, Dorin"]
[Result "1-0"]
[WhiteElo "2655"]
[BlackElo "2525"]

1.e4 c5 2.Nf3 Nc6 3.d4 cxd4 4.Nxd4 Nf6 5.Nc3 e6 6.Ndb5 d6 7.Bf4 e5 8.Bg5 a6
9.Na3 b5 10.Bxf6 gxf6 11.Nd5 f5 12.Bd3 Be6 13.O-O Bxd5 14.exd5 Ne7 15.c3 Qd7
16.Qh5 Rg8 17.Rad1 Rg6 18.Bb1 Bg7 19.Nc2 Kf8 20.Kh1 Kg8 21.Ne3 e4 22.f4 Kh8
23.Qe2 h5 24.Qxh5+ Rh6 25.Qe2 Rg8 26.Rg1 Ng6 27.Rdf1 b4 28.cxb4 Ne7 29.Rd1 Rb8
30.a3 a5 31.bxa5 Rxb2 32.Qc4 Rh5 33.Rge1 Qa7 34.Bc2 Qxa5 35.Qe2 Rh6 36.Nc4 Qc3
37.Nxb2 Qg3 38.h3 Bxb2 39.Qe3 Qg7 40.Re2 Ng6 41.Bxe4 fxe4 42.f5 Be5 43.fxg6 Qxg6
44.Rf1 Rh4 45.Rc2 Rh5 46.Rc4 f5 47.Rc7 Bg7 48.Rb1  1-0

[Event "Yerevan ol (Men)"]
[Site "Yerevan"]
[Date "1996.??.??"]
[Round "5"]
[White "Blatny, Pavel"]
[Black "Almasi, Zoltan"]
[Result "1-0"]
[WhiteElo "2490"]
[BlackElo "2655"]

1.Nf3 Nf6 2.c4 e6 3.g3 b6 4.Bg2 Bb7 5.O-O Be7 6.b3 O-O 7.Bb2 c5 8.e3 d5 9.d3 Nbd7
10.Nc3 Rc8 11.Qc2 Qc7 12.Rae1 Qb8 13.e4 dxe4 14.dxe4 Ng4 15.Nd2 Nge5 16.f4 Nc6
17.Nf3 Rfd8 18.Qb1 Qa8 19.Nd1 Nf6 20.Nf2 Nd4 21.Nxd4 cxd4 22.Rd1 d3 23.Rxd3 Bc5
24.Bxf6 gxf6 25.Rfd1 f5 26.Kf1 Bxf2 27.Kxf2 fxe4 28.Bxe4 Bxe4 29.Rxd8+ Rxd8
30.Rxd8+ Qxd8 31.Qxe4 Qd2+ 32.Qe2 Qc1 33.Kg2 Qb1 34.Kf3 Kf8 35.Qd2 h6 36.Ke3 Kg8
37.Kd4 Qa1+ 38.Kd3 Kh7 39.b4 Qf1+ 40.Kc3 Qa1+ 41.Kb3 Qb1+ 42.Qb2 Qd3+ 43.Qc3 Qb1+
44.Ka3 Kg8 45.Qd2 Qe4 46.Kb3 Qf3+ 47.Qc3 Qe4 48.a4 Kf8 49.c5 bxc5 50.Qxc5+ Kg8
51.Qc8+ Kg7 52.Qc3+ Kg8 53.Qc8+ Kg7 54.b5 Qb1+ 55.Ka3 Qg1 56.Qc3+ Kg6 57.Qc2+ Kh5
58.Qe2+ Kg6 59.Kb3 Qb1+ 60.Kc4 Kg7 61.Qd2 Qf1+ 62.Kc5 Qf3 63.Qd4+ Kg6 64.Kb4 Qe2
65.Ka5 Qxh2 66.Qd3+ Kg7 67.Qe3 Qc2 68.Qd4+ Kg6 69.Ka6 f6 70.Kxa7 e5 71.fxe5 fxe5
72.Qd6+ Kf7 73.Qd7+  1-0

[Event "Yerevan ol (Men)"]
[Site "Yerevan"]
[Date "1996.??.??"]
[Round "11"]
[White "Almasi, Zoltan"]
[Black "Safin, Shukhrat"]
[Result "1/2-1/2"]
[WhiteElo "2655"]
[BlackElo "2510"]

1.e4 e5 2.Nf3 Nc6 3.Bb5 a6 4.Ba4 d6 5.c3 Bd7 6.O-O g6 7.d4 Bg7 8.d5 Nce7
9.Bxd7+ Qxd7 10.c4 Nf6 11.Nc3 O-O 12.c5 Ne8 13.Be3 dxc5 14.Bxc5 Nd6 15.Qb3 Nec8
16.a4 Re8 17.Rfd1 b6 18.Bb4 Nb7 19.Ne1 Ncd6 20.Nd3 Rab8 21.Qa2 Bh6 22.Re1 a5
23.Bxd6 Nxd6 24.Rad1 Bf8 25.Kh1 Nb7 26.Nb5 Nc5 27.Nxc5 Bxc5 28.Rf1 Rbd8 29.Na7 Qg4
30.f3 Qh4 31.g3 Qh3 32.Qc4 Rd7 33.Nc6 Bd6 34.Rf2 f6 35.Rdf1 Rf7 36.f4 exf4
37.gxf4 Qe3 38.Re2 Qh3 39.Ref2 Qe3 40.Re2 Qh3 41.Ref2  1/2-1/2

[Event "HUN-ch"]
[Site "Budapest"]
[Date "1997.10.22"]
[Round "2"]
[White "Chernin, Alexander"]
[Black "Almasi, Zoltan"]
[Result "1/2-1/2"]
[WhiteElo "2640"]
[BlackElo "2615"]

1.Nf3 Nf6 2.c4 c5 3.g3 d5 4.cxd5 Nxd5 5.b3 Nc6 6.Bb2 f6 7.Bg2 e5 8.O-O Be7
9.Nc3 Be6 10.Nh4 O-O 11.Nf5 Nxc3 12.Nxe7+ Qxe7 13.dxc3 Rfd8 14.Qc2 Bd5 15.Bxd5+ Rxd5
16.Rad1 Rad8 17.Rxd5  1/2-1/2

[Event "HUN-ch"]
[Site "Budapest"]
[Date "1997.10.23"]
[Round "3"]
[White "Almasi, Zoltan"]
[Black "Leko, Peter"]
[Result "1/2-1/2"]
[WhiteElo "2615"]
[BlackElo "2635"]

1.e4 c5 2.Nf3 d6 3.d4 cxd4 4.Nxd4 Nf6 5.Nc3 a6 6.Bg5 e6 7.f4 Nc6 8.Nxc6 bxc6
9.e5 h6 10.Bh4 g5 11.fxg5 Nd5 12.Ne4 Qb6 13.Bd3 hxg5 14.Bxg5 dxe5 15.Nf6+ Nxf6
16.Bxf6 Rh6 17.Bxe5 Qa5+ 18.Bc3 Bb4 19.Bxb4 Qxb4+ 20.Qd2 Rb8 21.Qxb4 Rxb4
22.O-O-O c5 23.h3 Bb7 24.Rd2 Rg4 25.Bf1 Ke7  1/2-1/2

[Event "HUN-ch"]
[Site "Budapest"]
[Date "1997.10.27"]
[Round "6"]
[White "Pinter, Jozsef"]
[Black "Almasi, Zoltan"]
[Result "1/2-1/2"]
[WhiteElo "2590"]
[BlackElo "2615"]

1.d4 Nf6 2.c4 e6 3.Nf3 b6 4.g3 Ba6 5.b3 Bb7 6.Bg2 Bb4+ 7.Bd2 a5 8.O-O O-O
9.Nc3 d6 10.Qc2 Nbd7 11.Rfe1 Bxc3 12.Bxc3 Be4 13.Qb2 c6 14.Bf1 b5 15.Ng5 Bg6
16.Bg2 d5 17.c5 h6 18.Nf3 Ne4 19.Bd2 Nxd2 20.Qxd2 Qf6 21.Rac1 a4 22.b4 e5
23.Nxe5 Nxe5 24.dxe5 Qxe5 25.a3  1/2-1/2

[Event "HUN-ch"]
[Site "Budapest"]
[Date "1997.10.29"]
[Round "8"]
[White "Leko, Peter"]
[Black "Almasi, Zoltan"]
[Result "0-1"]
[WhiteElo "2635"]
[BlackElo "2615"]

1.e4 e5 2.Nf3 Nc6 3.Bb5 Nf6 4.O-O Nxe4 5.d4 Nd6 6.Bxc6 dxc6 7.dxe5 Nf5 8.Qxd8+ Kxd8
9.Nc3 Ke8 10.Rd1 Ne7 11.Nd4 Ng6 12.Ne4 Be7 13.Re1 c5 14.Nb3 b6 15.Nf6+ Kf8
16.Nd5 Bd8 17.Nd2 c6 18.Ne3 Nxe5 19.Nec4 Ng6 20.Nf3 Bc7 21.Nce5 f6 22.Nxg6+ hxg6
23.h3 Kf7 24.Be3 g5 25.Nh2 Bf5 26.c3 Rae8 27.Ng4 Be6 28.f3 Kg6 29.Bf2 Bf4
30.Ne3 Re7 31.a4 Rhe8 32.Nf1 Bb3 33.Rxe7 Rxe7 34.a5 Re2 35.axb6 axb6 36.Ra6 Bc7
37.Bg3 Bd8 38.Bd6 Re6 39.Bg3 Bc4 40.Ra8 Be7 41.Ra1 f5 42.Re1 Rxe1 43.Bxe1 Bd3
44.Bf2 Bd6 45.Be3 Kf6 46.Nd2 Bg3 47.Nf1 Bc7 48.Nd2 c4 49.g4 c5 50.gxf5 Kxf5
51.Kf2 Bf4 52.Bxf4 Kxf4 53.b3 b5  0-1

[Event "HUN-ch"]
[Site "Budapest"]
[Date "1997.10.30"]
[Round "9"]
[White "Almasi, Zoltan"]
[Black "Sax, Gyula"]
[Result "1/2-1/2"]
[WhiteElo "2615"]
[BlackElo "2570"]

1.e4 c5 2.Nf3 d6 3.d4 cxd4 4.Nxd4 Nf6 5.Nc3 a6 6.Be3 Ng4 7.Bc1 Nf6 8.f3 e5
9.Nb3 Be6 10.Be3 Nc6 11.Qd2 d5 12.exd5 Nxd5 13.Nxd5 Qxd5 14.Qxd5 Bxd5 15.O-O-O O-O-O
16.Bb6 Rd6 17.Bc5 Rd8 18.Bb6  1/2-1/2

[Event "AUT-chT9697"]
[Site "Austria"]
[Date "1997.??.??"]
[Round "8"]
[White "Atlas, Valeri"]
[Black "Almasi, Zoltan"]
[Result "1/2-1/2"]
[WhiteElo "2460"]
[BlackElo "2595"]

1.e4 e5 2.Bc4 Nf6 3.d3 Nc6 4.Nf3 Bc5 5.c3 a6 6.Bb3 d6 7.h3 Ba7 8.Nbd2 O-O
9.Nf1 d5 10.Ng3 dxe4 11.dxe4 Qxd1+ 12.Bxd1 h6 13.O-O Be6 14.b3 Rfd8 15.Bc2 a5
16.Bb2 a4 17.Rad1 Rxd1 18.Rxd1 Bb6 19.Rd2 Nd7 20.Ne2 Na5 21.Nc1 f6 22.Rd1 Kf7
23.Nd2 c5 24.Nb1 axb3 25.axb3 Nf8 26.Na3 Rd8 27.Rxd8 Bxd8 28.Nb5 g6  1/2-1/2

[Event "Porzellan Cup rap"]
[Site "Dresden"]
[Date "1997.??.??"]
[Round "25"]
[White "Almasi, Zoltan"]
[Black "Uhlmann, Wolfgang"]
[Result "1-0"]
[WhiteElo "2595"]
[BlackElo "2480"]

1.e4 e6 2.d4 d5 3.Nc3 Bb4 4.a3 Bxc3+ 5.bxc3 c5 6.e5 Ne7 7.Qg4 O-O 8.Bd3 f5
9.exf6 Rxf6 10.Bg5 Rf7 11.Qh4 h6 12.Bxe7 Qxe7 13.Qxe7 Rxe7 14.f4 c4 15.Be2 Bd7
16.h4 g5 17.fxg5 hxg5 18.hxg5 e5 19.Nf3 Nc6 20.dxe5 Nxe5 21.Kd2 Rf8 22.Rh6 Kg7
23.Rd6 Bc6 24.Nd4 Rf2 25.Rf1 Rxf1 26.Bxf1 Nf7 27.Nf5+ Kf8 28.Rf6 Bd7 29.g6  1-0

[Event "Porzellan Cup rap"]
[Site "Dresden"]
[Date "1997.??.??"]
[Round "25"]
[White "Uhlmann, Wolfgang"]
[Black "Almasi, Zoltan"]
[Result "0-1"]
[WhiteElo "2480"]
[BlackElo "2595"]

1.c4 e5 2.Nc3 Nc6 3.Nf3 Nf6 4.g3 Bb4 5.Nd5 Bc5 6.d3 h6 7.Bg2 d6 8.O-O O-O
9.Nxf6+ Qxf6 10.Nd2 Qg6 11.Ne4 Bb6 12.Nc3 Qh5 13.e3 Bg4 14.f3 Bh3 15.Nd5 Bxg2
16.Kxg2 f5 17.Bd2 Nd8 18.f4 Qxd1 19.Raxd1 exf4 20.exf4 Ne6 21.Rfe1 Rae8 22.Bc3 c6
23.Nxb6 axb6 24.Re3 Nxf4+ 25.Kf3 Rxe3+ 26.Kxe3 Ne6 27.Kf2 Re8 28.Bb4 Nd4
29.Rd2 c5 30.Bc3 Ne6 31.b4 Ra8 32.bxc5 bxc5 33.Ke3 Ra3 34.Rc2 Kf7 35.Kd2 g6
36.Rb2 Nd8 37.Kc2 Ke6 38.Bd2 g5 39.h4 Kf6 40.hxg5+ hxg5 41.Bc3+ Kg6 42.Kd2 Kh5
43.Bf6 Ne6 44.Rxb7 Rxa2+ 45.Ke3 Kg4 46.Re7 f4+ 47.gxf4 gxf4+ 48.Ke4 Re2+
49.Kd5 f3 50.Rf7 f2  0-1

[Event "HUN-chT 9798"]
[Site "Hungary"]
[Date "1997.??.??"]
[Round "?"]
[White "Almasi, Zoltan"]
[Black "Szurovszky, Elek"]
[Result "1-0"]
[WhiteElo "2595"]
[BlackElo "2230"]

1.e4 e5 2.Nf3 Nc6 3.Bb5 Bc5 4.c3 Qe7 5.O-O a6 6.Ba4 b5 7.Bb3 Bb6 8.a4 Rb8
9.axb5 axb5 10.Na3 Nf6 11.d3 O-O 12.Nxb5 Bxf2+ 13.Rxf2 Rxb5 14.Bg5 h6 15.Bh4 Qd6
16.Nd2 Nh7 17.Ra8 Rb8 18.Rxb8 Nxb8 19.Nc4 Qc5 20.d4 exd4 21.cxd4 Qb4 22.Ne5 d5
23.exd5 c5 24.dxc6 Bg4 25.Qxg4 Qxb3 26.c7 f5 27.cxb8=Q Rxb8 28.Qxf5 Qd1+
29.Rf1 Qxd4+ 30.Bf2 Qd5 31.Ng6  1-0

[Event "HUN-chT 9798"]
[Site "Hungary"]
[Date "1997.??.??"]
[Round "?"]
[White "Almasi, Zoltan"]
[Black "Szuk, Balazs"]
[Result "1-0"]
[WhiteElo "2595"]
[BlackElo "2340"]

1.e4 c5 2.Nf3 Nc6 3.d4 cxd4 4.Nxd4 Qc7 5.Nc3 e6 6.Be2 a6 7.O-O Nf6 8.Be3 Bb4
9.Na4 O-O 10.c4 Bd6 11.g3 Nxe4 12.Bf3 f5 13.c5 Be7 14.Bxe4 fxe4 15.Nxc6 dxc6
16.Nb6 Rb8 17.Qb3 Kh8 18.Qc4 e5 19.Nxc8 Qxc8 20.Qxe4 Qe6 21.Rfd1 Rfd8 22.b3 Rd5
23.Rac1 Rbd8 24.Re1 Bf6 25.h4 g6 26.Kg2 Qf5 27.Rc4 Rd3 28.g4 Qxe4+ 29.Rxe4 Rc3
30.Re2 Rd5 31.g5 Bg7 32.Rb4 Rd7 33.Rd2 Rxd2 34.Bxd2 Rxc5 35.Rxb7 Bf8 36.Bb4  1-0

[Event "HUN-chT 9798"]
[Site "Hungary"]
[Date "1997.??.??"]
[Round "?"]
[White "Almasi, Zoltan"]
[Black "Szekely, Peter"]
[Result "1-0"]
[WhiteElo "2595"]
[BlackElo "2455"]

1.e4 c5 2.Nf3 d6 3.d4 cxd4 4.Nxd4 Nf6 5.Nc3 a6 6.Be3 Nc6 7.f3 e5 8.Nb3 Be6
9.Nd5 Bxd5 10.exd5 Ne7 11.c4 g6 12.Bd3 Bg7 13.O-O O-O 14.Nd2 a5 15.Qb3 Qd7
16.Bb6 a4 17.Qa3 Nf5 18.Ne4 Rfc8 19.Nc3 Nh5 20.Nb5 Nf4 21.Bxf5 Qxf5 22.Nxd6 Qg5
23.g3 Bf8 24.Ne4 Ne2+ 25.Kg2 Bxa3 26.Nxg5 Be7 27.Rae1 Bxg5 28.Rxe2 Rxc4 29.Rxe5 Rb4
30.Bc7 Bf6 31.Re2 Rd4 32.d6 Ra6 33.Rff2 Raxd6 34.Bxd6 Rxd6 35.Re4 b5 36.Rc2 Kg7
37.Ree2 Rd5 38.Red2 Re5 39.f4 Re1 40.Rc7 Kf8 41.Rc5 b4 42.Ra5  1-0

[Event "HUN-chT 9798"]
[Site "Hungary"]
[Date "1997.??.??"]
[Round "?"]
[White "Fogarasi, Tibor"]
[Black "Almasi, Zoltan"]
[Result "0-1"]
[WhiteElo "2450"]
[BlackElo "2595"]

1.e4 e5 2.Nf3 Nc6 3.Bb5 Nf6 4.Qe2 Bc5 5.c3 O-O 6.d3 Re8 7.O-O a6 8.Ba4 b5
9.Bb3 h6 10.a4 b4 11.a5 Rb8 12.Bc4 Bf8 13.Nbd2 Na7 14.cxb4 Nc6 15.Nb1 Nxb4
16.Nc3 c6 17.Bb3 d5 18.exd5 cxd5 19.Ba4 Bd7 20.Bxd7 Nxd7 21.Qd1 d4 22.Ne4 Rb5
23.Qb3 Nd5 24.Qc4 Qa8 25.h3 Rc8 26.Qa4 Nb4 27.Qd1 Qd5  0-1

[Event "JUG-chT"]
[Site "Niksic"]
[Date "1997.??.??"]
[Round "5"]
[White "Sakaev, Konstantin"]
[Black "Almasi, Zoltan"]
[Result "1/2-1/2"]
[WhiteElo "2590"]
[BlackElo "2615"]

1.d4 Nf6 2.c4 e6 3.Nf3 b6 4.Nc3 Bb7 5.a3 d5 6.Qc2 dxc4 7.e4 c5 8.d5 exd5
9.exd5 Bd6 10.Bxc4 Qe7+ 11.Be3 Ng4 12.Ne4 Nxe3 13.fxe3 Nd7 14.O-O h6 15.Nxd6+ Qxd6
16.Qe4+ Kf8 17.Qf4 Qxf4 18.exf4 Nf6 19.d6 Bxf3 20.Rxf3 Rd8 21.Rd1 Ne4 22.d7 f5
23.g4 fxg4 24.Re3 Nf6 25.Bb5 a6 26.Bc6 Kf7 27.Rde1 Kg6 28.Re8 Kf5 29.Rxh8 Rxh8
30.Re8 Rxe8 31.dxe8=Q Nxe8 32.Bxe8 Kxf4 33.Kf2 b5 34.Bc6 h5 35.Bb7 a5 36.Ba6 b4
37.a4 h4 38.b3 g6 39.Be2 g5 40.Bd3 g3+ 41.hxg3+ hxg3+ 42.Kg2 Kg4 43.Bc4 Kf4
44.Kf1 Ke3 45.Be6 Kf3 46.Bd5+ Ke3 47.Kg1 Kd4 48.Bf7 Ke3 49.Kg2 Kf4 50.Bd5 Ke5
51.Bc4 Kf4 52.Bb5 Kg4  1/2-1/2

[Event "JUG-chT"]
[Site "Niksic"]
[Date "1997.??.??"]
[Round "10"]
[White "Kotronias, Vasilios"]
[Black "Almasi, Zoltan"]
[Result "0-1"]
[WhiteElo "2585"]
[BlackElo "2615"]

1.e4 e5 2.Nf3 Nc6 3.Bb5 Nf6 4.O-O Nxe4 5.d4 Nd6 6.Bxc6 dxc6 7.dxe5 Nf5 8.Qxd8+ Kxd8
9.Rd1+ Ke8 10.Nc3 Ne7 11.h3 Ng6 12.Ne2 a5 13.b3 a4 14.Bb2 h5 15.c4 h4 16.Bc3 Be7
17.Re1 c5 18.Nh2 Bf5 19.Nf1 Bg5 20.Bd2 Bxd2 21.Nxd2 axb3 22.axb3 Rxa1 23.Rxa1 Kd7
24.Nf3 Bc2 25.Nc1 Rh5 26.Ne1 Be4 27.f3 Bc6 28.Ned3 b6 29.f4 Rf5 30.Ne2 Be4
31.Rd1 Ke6 32.Nc3 Bxd3 33.Rxd3 Nxf4 34.Rd8 Rg5 35.Kf2 Kxe5 36.Re8+ Kf5 37.Re7 Rxg2+
38.Ke3 Rg3+ 39.Kd2 Nxh3 40.Rxf7+ Kg6 41.Rxc7 Nf2  0-1

[Event "JUG-chT"]
[Site "Niksic"]
[Date "1997.??.??"]
[Round "11"]
[White "Almasi, Zoltan"]
[Black "Ivanovic, Bozidar"]
[Result "1-0"]
[WhiteElo "2615"]
[BlackElo "2500"]

1.e4 c5 2.Nf3 Nc6 3.d4 cxd4 4.Nxd4 e5 5.Nb5 d6 6.c4 Be7 7.b3 a6 8.N5c3 f5
9.Bd3 f4 10.Nd5 Nf6 11.Nbc3 O-O 12.Bb2 Be6 13.Nxe7+ Qxe7 14.f3 Kh8 15.Qd2 Rfd8
16.O-O g5 17.Nd5 Qg7 18.g4 h5 19.h3 Kh7 20.Kg2 hxg4 21.hxg4 Kg6 22.Rh1 Rh8
23.b4 Rad8 24.Qf2 Qd7 25.Rxh8 Rxh8 26.Rh1 Rxh1 27.Kxh1 Bxg4 28.Nxf6 Kxf6
29.fxg4 Qxg4 30.Be2 Qh3+ 31.Qh2 Qxh2+ 32.Kxh2 Nxb4 33.a3 Nc6 34.Kh3 a5 35.Bc3 b6
36.Be1 Nd4 37.Bd1 Ke6 38.Bf2 Kf6 39.Kg4 Kg6 40.Bf3 Kh6 41.Bxd4 exd4 42.Kf5  1-0

[Event "EU-chT (Men)"]
[Site "Pula"]
[Date "1997.??.??"]
[Round "1"]
[White "Mitkov, Nikola"]
[Black "Almasi, Zoltan"]
[Result "1/2-1/2"]
[WhiteElo "2475"]
[BlackElo "2595"]

1.e4 e5 2.Bc4 Nf6 3.d3 Nc6 4.Nc3 Na5 5.Nge2 c6 6.a4 Nxc4 7.dxc4 Be7 8.Qd3 O-O
9.O-O d6 10.b3 Be6 11.Bb2 Qa5 12.f4 exf4 13.Nxf4 Ng4 14.Qg3 Qc5+ 15.Kh1 Qg5
16.Nce2 Bd7 17.h3 Qh6 18.Rad1 Rad8 19.Kg1 Ne5 20.c5 Bc8 21.cxd6 Bxd6 22.Rxd6 Qxd6
23.Nh5 Ng6 24.Qxd6 Rxd6 25.Bxg7 Rd2 26.Bxf8 Kxf8 27.Neg3 Rxc2 28.Rd1 Ke7
29.Nf5+ Bxf5 30.exf5 Ne5 31.Re1 f6 32.Re3 Rd2 33.Rg3 Rd7 34.Kf2 a5 35.Ke2 b5
36.Rg8 bxa4 37.bxa4 c5 38.Rc8 c4 39.Nf4 Kd6 40.Kd2 Rb7 41.Nh5 Rb2+ 42.Kc3 Rb3+
43.Kc2 Nc6 44.Nxf6 Nd4+ 45.Kc1 Rc3+ 46.Kb2 Rc2+ 47.Kb1 Rxg2 48.Rxc4 Nxf5
49.Nxh7 Rg3  1/2-1/2

[Event "EU-chT (Men)"]
[Site "Pula"]
[Date "1997.??.??"]
[Round "6"]
[White "Almasi, Zoltan"]
[Black "Oll, Lembit"]
[Result "1-0"]
[WhiteElo "2595"]
[BlackElo "2625"]

1.e4 c5 2.Nf3 d6 3.d4 cxd4 4.Nxd4 Nf6 5.Nc3 a6 6.Be3 e5 7.Nb3 Be6 8.f3 Nbd7
9.Qd2 b5 10.a4 b4 11.Nd5 Bxd5 12.exd5 Nb6 13.Bxb6 Qxb6 14.a5 Qb7 15.Bc4 Be7
16.Ra4 Rb8 17.Nc1 Bd8 18.b3 Nd7 19.Nd3 Nc5 20.Nxc5 dxc5 21.Qd3 O-O 22.Bxa6 Qd7
23.d6 Bf6 24.O-O e4 25.fxe4 Bd4+ 26.Kh1 Qxd6 27.Bc4 Ra8 28.a6 Qb6 29.e5 Kh8
30.Bxf7  1-0

[Event "EU-chT (Men)"]
[Site "Pula"]
[Date "1997.??.??"]
[Round "7"]
[White "Almasi, Zoltan"]
[Black "Adams, Michael"]
[Result "0-1"]
[WhiteElo "2595"]
[BlackElo "2660"]

1.e4 e5 2.Nf3 Nc6 3.Bb5 a6 4.Ba4 Nf6 5.O-O Be7 6.Re1 b5 7.Bb3 O-O 8.c3 d5
9.exd5 Nxd5 10.Nxe5 Nxe5 11.Rxe5 c6 12.Re1 Bd6 13.d3 Qh4 14.g3 Qh3 15.Re4 Qd7
16.Nd2 Bb7 17.Re1 c5 18.Ne4 Be7 19.a4 b4 20.Bg5 Bxg5 21.Nxg5 bxc3 22.bxc3 h6
23.Ne4 Qc6 24.Qh5 Rad8 25.a5 f5 26.Nd2 Kh8 27.Nf3 Nf6  0-1

[Event "EU-chT (Men)"]
[Site "Pula"]
[Date "1997.??.??"]
[Round "9"]
[White "Almasi, Zoltan"]
[Black "Krasenkow, Michal"]
[Result "1/2-1/2"]
[WhiteElo "2595"]
[BlackElo "2615"]

1.e4 c5 2.Nf3 Nc6 3.d4 cxd4 4.Nxd4 Nf6 5.Nc3 e5 6.Ndb5 d6 7.Bg5 a6 8.Na3 b5
9.Bxf6 gxf6 10.Nd5 f5 11.Bd3 Be6 12.O-O Bxd5 13.exd5 Ne7 14.c3 Bg7 15.Qh5 e4
16.Bc2 Qc8 17.Rad1 Qc5 18.Bb1 b4 19.cxb4 Qxb4 20.Nc2 Qxb2 21.Ne3 Qf6 22.f3 Bh6
23.Rfe1 Bxe3+ 24.Rxe3 Ng6 25.Qh6 Ke7 26.Rf1 Rab8 27.g3 Rb2 28.fxe4 Rhb8 29.e5 Nxe5
30.Qxf6+ Kxf6 31.Bxf5 Kg7 32.Ra3 a5 33.Rxa5 Nc4 34.Ra7 Ne3 35.Rf3 Rg2+ 36.Kh1 Re2
37.Kg1 Rg2+  1/2-1/2